Geography Quiz

Random Geography or State Quiz

Country, Capital, Subdivision Quiz Stats

 Plays Quiz Updated Jun 18, 2019

Score 0/20 Timer 06:00
1 Play Today
% Correct
Australia
92.7%
Germany
91.5%
Brazil
88.6%
France
85.6%
Indonesia
77.4%
New Zealand
74.9%
Japan
74.9%
Netherlands
71.9%
Cuba
70.1%
South Korea
69.1%
% Correct
Argentina
66.3%
China
63.2%
Egypt
63%
Pakistan
52.7%
India
50.2%
South Africa
45.8%
Saudi Arabia
41.8%
Iran
40.9%
Iraq
40.7%
Nigeria
28%

You're not logged in!

Compare scores with friends on all Sporcle quizzes.
OR
Log In

Sporcle TV

Today on Sporcle TV


Watch our educational content, quiz creation guides, and fun videos on Sporcle TV.

Show Comments

Extras

Top Quizzes Today


Score Distribution

Your Account Isn't Verified!

In order to create a playlist on Sporcle, you need to verify the email address you used during registration. Go to your Sporcle Settings to finish the process.

Report this User

Report this user for behavior that violates our Community Guidelines.

Details: